|
|
|
|
| LEADER |
00000nam0a2200000 4500 |
| 001 |
254012 |
| 005 |
20231101232910.0 |
| 010 |
|
|
|a 9785160098074
|
| 035 |
|
|
|a (RuTPU)RU\TPU\book\276434
|
| 090 |
|
|
|a 254012
|
| 100 |
|
|
|a 20140318d2014 k y0rusy50 ca
|
| 101 |
0 |
|
|a rus
|
| 102 |
|
|
|a RU
|
| 105 |
|
|
|a y z 001zy
|
| 200 |
1 |
|
|a Основы эвалюации в управлении качеством образования
|e монография
|f М. В. Гуськова
|
| 210 |
|
|
|a Москва
|c Инфра-М
|d 2014
|
| 215 |
|
|
|a 203 с.
|
| 225 |
1 |
|
|a Научная мысль
|
| 225 |
1 |
|
|a Образование
|
| 320 |
|
|
|a Библиогр.: с. 188-201.
|
| 606 |
1 |
|
|a Высшее образование
|x Управление
|x Управление качеством
|2 stltpush
|3 (RuTPU)RU\TPU\subj\67539
|9 83296
|
| 610 |
1 |
|
|a образование
|
| 610 |
1 |
|
|a эвалюация
|
| 610 |
1 |
|
|a качество
|
| 610 |
1 |
|
|a управление
|
| 610 |
1 |
|
|a инновации
|
| 610 |
1 |
|
|a информационные основы
|
| 610 |
1 |
|
|a аналитические основы
|
| 610 |
1 |
|
|a педагогические измерения
|
| 610 |
1 |
|
|a количественные исследования
|
| 610 |
1 |
|
|a качественные исследования
|
| 610 |
1 |
|
|a модернизация
|
| 610 |
1 |
|
|a валидность
|
| 610 |
1 |
|
|a вузы
|
| 610 |
1 |
|
|a шкалирование
|
| 610 |
1 |
|
|a монографии
|
| 686 |
|
|
|a Ч484(2)к
|v LBC/SL-A
|2 rubbk
|
| 700 |
|
1 |
|a Гуськова
|b М. В.
|g Марина Владимировна
|
| 801 |
|
1 |
|a RU
|b 63413507
|c 20140318
|
| 801 |
|
2 |
|a RU
|b 63413507
|c 20140513
|g RCR
|
| 942 |
|
|
|c BK
|
| 959 |
|
|
|a 51/20140317
|d 1
|e 379,90
|f ЧЗГЛ:1
|